|
|
|
|
| LEADER |
00000nam a2200000 4500 |
| 001 |
vtls011904924 |
| 003 |
SK-MaSNL |
| 005 |
20260301052634.0 |
| 008 |
191203t1644 ne a r 001 0 lat |
| 015 |
|
|
|a SNBHFA1644
|
| 040 |
|
|
|a SNKHF
|b slo
|c SNK
|e rda
|
| 041 |
|
|
|a lat
|a gre
|
| 044 |
|
|
|a ne
|c NL
|
| 072 |
|
7 |
|a 82-1/-8
|x Literatúra rôznych foriem a žánrov (o nej)
|2 konspekt
|
| 080 |
|
|
|a 82-2
|2 2001
|
| 100 |
1 |
|
|a Terentius Afer, Publius,
|d asi 185 pred Kr.-159 pred Kr.
|4 aut
|9 194582
|
| 245 |
1 |
0 |
|a Pvblii Terentii Carthaginiensis Afri, Comodiae Sex, Post optimas editiones emendatae
|b Accedvnt, Aelii Donati Comentarius integer. Selectae Variorvm Notae, Variantes Lectiones. Indices locupletissimi
|
| 264 |
|
3 |
|a Lugd. Batavorum
|b Apud Franciscum Hackium
|c CIƆ IƆ C XLIV (1644)
|
| 300 |
|
|
|a 24 nečíslovaných listov, 814 strán, 15 nečíslovaných listov
|c 18,5 cm
|
| 336 |
|
|
|a text
|b txt
|2 rdacontent
|
| 337 |
|
|
|a bez média
|b n
|2 rdamedia
|
| 338 |
|
|
|a zväzok
|b nc
|2 rdacarier
|
| 500 |
|
|
|a Ilustrovaný titulný list, kustody, iniciálky s ornamentálnym pozadím na 7 riadkov a 4 riadky, koncová vineta, miestami úryvky v gréckom jazyku
|
| 504 |
|
|
|a Obsahuje abecedný názvový register
|
| 504 |
|
|
|a Vysvetlivky a komentáre pod textom
|
| 563 |
|
|
|a Väzba pôvodná, pergamenová.
|5 SNK ID 101569
|
| 650 |
0 |
7 |
|a dráma
|2 SNKPH
|9 1489
|
| 650 |
0 |
7 |
|a latinská antická literatúra
|2 SNK
|9 361810
|
| 700 |
1 |
|
|a Heinsius, Daniel,
|d 1580-1655
|4 edt
|9 360852
|
| 700 |
1 |
|
|a Hackius, Franciscus,
|d 1600-1664
|4 prt
|4 aui
|4 dto
|9 361811
|
| 752 |
|
|
|a Holandsko
|d Leiden
|
| 852 |
|
|
|a snk
|b Aponiovská knižnica
|p ID 101569
|
| 999 |
|
|
|c 606313
|d 608243
|
| 952 |
|
|
|t Op. I/23
|a SNK
|b SNK
|c SNK_HF
|y PREZ
|7 0
|p 17A1389586
|o snkID 101569
|i snk2019/31115
|8 5
|0 0
|1 0
|4 0
|d 2019-12-03
|l 0
|r 2026-02-23 16:09:04
|w 2026-02-23
|